01106nam a2200301 a 4500001000200000003000900002005001700011008003500028020001800063040002600081082002700107100002700134245008500161260005400246300003000300490003400330590002600364600002800390650002200418650003400440650002400474700004000498710004400538910003900582942001200621952015400633999001700787 DO-SdBNP20240828131535.0091001s2007 mx a r 000 0 spa d a9789681677056 aDO-SdBNPbspacBPMSU  4aM861.6bP792a 20072221 aPonce, Manuel d1913- 10aAntología poética / cManuel Ponce ; selección y prólogo Gabriel Zaid.  aMéxico:bFondo de Cultura Económica, c2007 a118 p. : bil. ;c23 cm.0 aLetras mexicanas ;aPoesía  aInventariado, 2024/VM14aJesucristovPoesías.  4aPoesía mexicana 4a Semana Santa vPoesías.  4aLiteratura mexicana1 aZaid, Gabriel, d1934- ecompilador2 aFondo de Cultura Económica (México) aVMateo V. Cotrol de calidad. BPMSU 2ddccBK 00102ddc40708CGaBPMETbBPMETd2024-08-28eFondo de Cultura Económical0oBPMSU CG M861.6 P792a 2007pBPMSU24080046r2024-08-28w2024-08-28yBK c14785d14785